Normal view
MARC view
Entry Personal Name
001 - CONTROL NUMBER
- control field: 25513
003 - CONTROL NUMBER IDENTIFIER
- control field: ARRUPE
005 - DATE AND TIME OF LATEST TRANSACTION
- control field: 20160825160511.0
008 - FIXED-LENGTH DATA ELEMENTS
- fixed length control field: 160825|| aca||aabn | a|a d
040 ## - CATALOGING SOURCE
- Original cataloging agency: ARRUPE
- Transcribing agency: ARRUPE
100 ## - HEADING--PERSONAL NAME
- Personal name: Paul,
- Titles and other words associated with a name: Bishop of Monemvasia,
- Dates associated with a name: active 10th century.
670 ## - SOURCE DATA FOUND
- Source citation: Work cat.: (ARRUPE)0: John Wortley. 25512, The spiritually beneficial tales of Paul of Monembasia and of other authors /, 1996.